000 00354nam a2200133Ia 4500
005 20251222141845.0
008 251222s9999||||xx |||||||||||||| ||spa||
020 _a950-9431--78-8
082 _a324.73/P86/T.II
100 _aPriess, Frank
245 0 _aCampañas Electorales y Medios de Comunicación en América Latina
264 _bCIEDLA
942 _cLIB
999 _c7545
_d7545